000 00923na a2200289 4500
001 19775
003 MIRAKIL
005 20181213155305.0
008 161227b tu 000 0
020 _a9756857838
035 _a19775
040 _aMilas
_btur
_cTR-AnCHP
041 _atur
082 _a324.64
_bT96 2004
090 _a324.64 T96 2004
100 _aTuran, Ali Eşref
245 _aTürkiye'de seçmen davranışı önceki kırılmalar 2002 seçimi
_bönceki kırılmalar ve 2002 seçimi
_cAli Eşref Turan
246 _aönceki kırılmalar ve 2002 seçimi
260 _aİstanbul
_bİstanbul Bilgi Üniversitesi Yayınları
_c2002
300 _a343 s.
_btbl.
_c23 sm.
490 _aİstanbul Bilgi Üniversitesi yayınları
_v54
500 _aDizin var.
500 _aKaynakça var.
650 _aSiyaset ve yönetim
_xSeçimler
_zTürkiye
650 _aSeçmenler
_zTürkiye
942 _2dcc
_cBKS
999 _c10041
_d10041